| 000 | 00927nam a2200241Ia 4500 | ||
|---|---|---|---|
| 003 | GCL | ||
| 005 | 20240530102404.0 | ||
| 008 | 140319s9999 xx 000 0 ara d | ||
| 020 | _a2072260977 | ||
| 040 |
_aGCL / _cGCL |
||
| 082 | 0 | 4 |
_a260 _bط ا |
| 100 | 1 | _aطارق محمد عبده | |
| 245 | 1 | 0 |
_aابواب مهجورة من السنة : _bكتاب فى افات القلوب وفريضة التفكير / _cطارق محمد عبده ، تقديم محمد الغزالى ؛ عبدالصبور شاهين |
| 260 |
_aالقاهرة : _bمكتبة التراث الاسلامى ، _c1992 |
||
| 300 |
_a175 ص ؛ _c24 سم |
||
| 650 | 0 | 4 | _aالاسلام |
| 650 | 0 | 4 | _aالتصوف الاسلامى |
| 650 | 0 | 4 | _aالشريعة الاسلامية |
| 650 | 0 | 4 | _aالسنة والنافلة |
| 700 | 1 |
_aمحمد الغزالى _eمقدم |
|
| 700 | 1 |
_aعبدالصبور شاهين _eمقدم |
|
| 942 |
_2ddc _cBK |
||
| 999 |
_c31895 _d31895 |
||